000
00199nam a22000977a 4500
082
_a
823
_b
ACH/T
100
_a
ACHUTHAN, MAVELIKKARA
245
_a
TAJINTE KADHA
650
_a
MALAYALAM STORY
942
_c
BK
999
_c
7653
_d
7653